000 00371nam a2200133 i 4500
001 bg
100 1 _aSTRZYŻEWSKA-KAMIŃSKA, Marianna
245 0 _aWłasność socjalistyczna jako kategoria ekonomiczna /
_cMarianna Strzyżewska-Kamieńska.
260 _aWarszawa,
_c1976.
040 _cBPK
041 _apol
942 _cKS
008 s pl f |000 0 pol
999 _c26924
_d26924
856 _uhttp://koha.tu.koszalin.pl/cgi-bin/koha/opac-detail.pl?biblionumber=26924
_yKatalog online BPK